<?xml version="1.0" encoding="UTF-8"?>
<record
    xmlns:xsi="http://www.w3.org/2001/XMLSchema-instance"
    xsi:schemaLocation="http://www.loc.gov/MARC21/slim http://www.loc.gov/standards/marcxml/schema/MARC21slim.xsd"
    xmlns="http://www.loc.gov/MARC21/slim">

  <leader>01288cam a2200253 a 4500</leader>
  <controlfield tag="001">000010246</controlfield>
  <controlfield tag="005">20200929162217.0</controlfield>
  <controlfield tag="008">980520s1997    mx a         f001 0 spa  </controlfield>
  <datafield tag="020" ind1=" " ind2=" ">
    <subfield code="a">9686773436</subfield>
  </datafield>
  <datafield tag="020" ind1=" " ind2=" ">
    <subfield code="a">9701807871</subfield>
  </datafield>
  <datafield tag="040" ind1=" " ind2=" ">
    <subfield code="a">DO-SdBNP</subfield>
    <subfield code="b">spa</subfield>
    <subfield code="c">LC</subfield>
    <subfield code="d">BNPHU</subfield>
  </datafield>
  <datafield tag="082" ind1=" " ind2=" ">
    <subfield code="a">M862.44</subfield>
    <subfield code="b">N964t</subfield>
  </datafield>
  <datafield tag="245" ind1="0" ind2="3">
    <subfield code="a">El nuevo teatro /</subfield>
    <subfield code="c">selecci&#xF3;n e introducci&#xF3;n Victor Hugo Rasc&#xF3;n Banda.</subfield>
  </datafield>
  <datafield tag="260" ind1=" " ind2=" ">
    <subfield code="a">M&#xE9;xico, D. F. :</subfield>
    <subfield code="b">El Milagro :</subfield>
    <subfield code="b">Consejo Nacional para la Cultura y las Artes,</subfield>
    <subfield code="c">1997.</subfield>
  </datafield>
  <datafield tag="300" ind1=" " ind2=" ">
    <subfield code="a">573 p. :</subfield>
    <subfield code="b">il. ;</subfield>
    <subfield code="c">21 cm.</subfield>
  </datafield>
  <datafield tag="490" ind1="1" ind2=" ">
    <subfield code="a">Nuestro Teatro</subfield>
  </datafield>
  <datafield tag="505" ind1="0" ind2=" ">
    <subfield code="a">Introducci&#xF3;n. V&#xED;ctor Hugo Rasc&#xF3;n Banda -- Habitaci&#xF3;n en blanco. Estela Lenero Franco -- Dolores o la felicidad. David Olguin -- Lobo. Jorge Celaya -- El motel de los destinos cruzados. Luis Mario Moncada -- El ajedrecista. Jaime Chabaud -- Los ni&#xF1;os mutilados. Hugo Salcedo -- Los ni&#xF1;os de sal. Hern&#xE1;n Galindo -- Deseos. Ricardo P&#xE9;rez Quitt -- El viejo de la condesa. Luis Eduard Reyes -- Tren nocturno a Georgia. Mar&#xED;a Luisa Media.</subfield>
  </datafield>
  <datafield tag="650" ind1=" " ind2="4">
    <subfield code="a">Teatro mexicano</subfield>
    <subfield code="y">SIGLO XX.</subfield>
    <subfield code="9">25256</subfield>
  </datafield>
  <datafield tag="650" ind1=" " ind2="4">
    <subfield code="a">Literatura mexicana</subfield>
    <subfield code="x">Historia y cr&#xED;tica</subfield>
    <subfield code="9">9844</subfield>
  </datafield>
  <datafield tag="700" ind1="1" ind2=" ">
    <subfield code="a">Rasc&#xF3;n Banda, Victor Hugo,</subfield>
    <subfield code="d">1948-</subfield>
    <subfield code="e">introd.</subfield>
    <subfield code="9">25257</subfield>
  </datafield>
  <datafield tag="830" ind1=" " ind2="0">
    <subfield code="a">Nuestro Teatro</subfield>
    <subfield code="9">25255</subfield>
  </datafield>
  <datafield tag="910" ind1=" " ind2=" ">
    <subfield code="a">Catalogaci&#xF3;n por copia / LC</subfield>
  </datafield>
  <datafield tag="049" ind1=" " ind2=" ">
    <subfield code="a">BNGR</subfield>
  </datafield>
  <datafield tag="952" ind1=" " ind2=" ">
    <subfield code="0">0</subfield>
    <subfield code="1">0</subfield>
    <subfield code="5">2</subfield>
    <subfield code="7">0</subfield>
    <subfield code="8">MO</subfield>
    <subfield code="a">GR</subfield>
    <subfield code="b">GR</subfield>
    <subfield code="c">CT</subfield>
    <subfield code="d">2009-10-05</subfield>
    <subfield code="i">LF1</subfield>
    <subfield code="l">0</subfield>
    <subfield code="o">M862.44 N964t</subfield>
    <subfield code="p">10246-10</subfield>
    <subfield code="r">2020-06-25</subfield>
    <subfield code="w">2020-06-25</subfield>
    <subfield code="y">2</subfield>
    <subfield code="Z">Pr&#xE9;stamo interno</subfield>
  </datafield>
  <datafield tag="999" ind1=" " ind2=" ">
    <subfield code="c">10005</subfield>
    <subfield code="d">10005</subfield>
  </datafield>
</record>
